|
|
|
|
| LEADER |
00822nam a2200229 a 4500 |
| 001 |
TVCDKTCT3949 |
| 003 |
Thư viện trường Cao đẳng Kỹ thuật Cao Thắng |
| 005 |
20170523132333.4 |
| 008 |
051115 |
| 980 |
\ |
\ |
|a Thư viện Trường CĐ Kỹ Thuật Cao Thắng
|
| 024 |
|
|
|a RG_1 #1 eb0 i1
|
| 041 |
0 |
# |
|a vie
|
| 082 |
# |
# |
|a 004 /
|b TH107NG-n
|
| 100 |
1 |
# |
|a Thanh Nguyên
|
| 245 |
0 |
0 |
|a Nâng cấp, bảo trì và xử lý sự cố phần cứng máy tính /
|c Thanh Nguyên
|
| 250 |
# |
# |
|a In lần thứ 1
|
| 260 |
# |
# |
|a H. :
|b Thông kê ,
|c 2005
|
| 300 |
# |
# |
|a 427tr. ;
|c 19cm
|
| 650 |
# |
4 |
|a Phần cứng-Nâng cấp-Bảo trì-Xử lý sự cố
|
| 650 |
# |
4 |
|a Tin học
|
| 721 |
# |
# |
|a Công nghệ thông tin
|
| 841 |
# |
# |
|b Kho Sách
|j 100012186, 100012291
|